000 00437cam a22001217a 4500
008 180718b1963 xxu||||| |||| 00| 0 eng d
082 _aA81x54 In2/61/Vol 13/Pt 6-1
100 _aCensus of India 1961
245 _aPunjab: village survey monographs, Tandi (a village in Lahaul & Spiti district)
260 _aDelhi
_bThe Manager of Publications
_c1963
300 _a75+p.
440 _aCensus of India 1961. Volume XIII, Punjab. Part VI-No.1
999 _c484352
_d484352